[Event "DSOL 05 Liga Gr-D 1st"]
[Site "Playchess.com INT"]
[Date "2020.06.26"]
[Round "1.3"]
[White "Gissler, Thomas"]
[Black "Westermeier, Martin"]
[Result "0-1"]
[WhiteElo "1699"]
[BlackElo "1679"]
[PlyCount "70"]
[EventDate "2020.06.22"]
[EventType "team-tourn (rapid)"]
[EventCountry "GER"]
[SourceTitle "EXT 2021"]
[Source "ChessBase"]
[SourceDate "2020.10.23"]
[SourceVersion "1"]
[SourceVersionDate "2020.10.23"]
[SourceQuality "1"]
[WhiteTeam "Zell Schwarz Weiss"]
[BlackTeam "Wasserburg"]
[WhiteTeamCountry "GER"]
[BlackTeamCountry "GER"]

1. e4 c5 2. Nf3 d6 3. c3 Nc6 4. d4 cxd4 5. cxd4 a6 6. Nc3 e6 7. Bg5 Be7 8. h4 Nf6 9. Bd3 0-0 10. a3 b5 11. Qc2 h6 12. Bxf6 Bxf6 13. Nxb5 Bb7 14. d5 exd5 15. exd5 Ne7 16. Nc3 Nxd5 17. Be4 Bxc3+ 18. bxc3 Re8 19. Kf1 Qc7 20. c4 Ne3+ 21. fxe3 Rxe4 22. Rb1 Rxe3 23. Kf2 Rae8 24. Rhe1 Rxe1 25. Nxe1 Qc5+ 26. Kf1 Be4 27. Qe2 Re5 28. Rb8+ Kh7 29. Nd3 Bxd3 30. Qxd3+ Rf5+ 31. Ke1 Qe5+ 32. Kd1 g6 33. Kc2 Rf2+ 34. Kb3 Qb2+ 35. Ka4 Qxb8 0-1